5HLuxD.jpg

KING HENRY VIII SENIOR AND PRIMARY SCHOOL LIBRARY OPAC

If you take a mouse to school (Record no. 2559)

000 -LEADER
fixed length control field 00771cam a2200253 a 4500
001 - CONTROL NUMBER
control field 50647636
003 - CONTROL NUMBER IDENTIFIER
control field OSt
005 - DATE AND TIME OF LATEST TRANSACTION
control field 20230713155412.0
008 - FIXED-LENGTH DATA ELEMENTS--GENERAL INFORMATION
fixed length control field 020923s2002 nyua j 00011 eng d
020 ## - INTERNATIONAL STANDARD BOOK NUMBER
International Standard Book Number 9780060283285 (hard)
040 ## - CATALOGING SOURCE
Original cataloging agency XCX
Transcribing agency TML
Modifying agency KH8
082 00 - DEWEY DECIMAL CLASSIFICATION NUMBER
Classification number 813.6 NUM
100 10 - MAIN ENTRY--PERSONAL NAME
Personal name Numeroff, Laura.
Relator term Author
245 10 - TITLE STATEMENT
Title If you take a mouse to school
Statement of responsibility, etc. / by Laura Numeroff ; illustrated by Felicia Bond.
250 ## - EDITION STATEMENT
Edition statement 1st ed.
260 0# - PUBLICATION, DISTRIBUTION, ETC.
Place of publication, distribution, etc. New York
Name of publisher, distributor, etc. : Laura Geringer Books/HarperCollins
Date of publication, distribution, etc. , c2002.
300 ## - PHYSICAL DESCRIPTION
Extent [32] p.
Other physical details : col. ill.
Dimensions ; 24 cm.
520 ## - SUMMARY, ETC.
Summary, etc. Follows a boy and his mouse through a busy day at school.
521 ## - TARGET AUDIENCE NOTE
Target audience note 4-8.
650 11 - SUBJECT ADDED ENTRY--TOPICAL TERM
Topical term or geographic name entry element Schools
General subdivision Fiction.
650 11 - SUBJECT ADDED ENTRY--TOPICAL TERM
Topical term or geographic name entry element Mice
General subdivision Fiction.
700 11 - ADDED ENTRY--PERSONAL NAME
Personal name Bond, Felicia
Relator term , ill.
942 ## - ADDED ENTRY ELEMENTS (KOHA)
Source of classification or shelving scheme
Koha item type Books - Fiction
Holdings
Withdrawn status Lost status Source of classification or shelving scheme Damaged status Not for loan Collection code Permanent Location Current Location Shelving location Date acquired Total Checkouts Full call number Barcode Date due Date last seen Date last checked out Price effective from Koha item type
          Fiction KH8 Primary School Library KH8 Primary School Library Non Fiction 2023-07-13 16 813.6 NUM KHPL000004287 2026-04-21 2026-04-13 2026-04-13 2023-07-13 Books - Fiction

Powered By KH8 IT Dept